00874nam a22002057a 450000500170000000800410001702000180005804000070007604100120008308200200009510000190011524500440013426000340017830000260021236500190023852003630025765000190062065000080063970000210064720220401114627.0220401b ||||| |||| 00| 0 eng d a9788171675166 cAL aEnglish 223a923.1bTAYT aMeadows Taylor aTippoo Sultaun:a tale of the Mysore war aNew DelhibRupa and co.c2000 a667 p.bPBc21x14 cm. c₹d₹295.00 aAn intense and passionate tale about love and intrigue, faith and betrayal, feuds and war, this historical novel is set during the age of Tipoo Sultan of Mysore. His three-pronged struggle against the Marathas, the Nizam of Hyderabad and the British form the basis of a deftly woven and fervent account of one of the most momentous periods of Indian history. aTippoo sultaun awar aTAYLOR (Meadows)